• 首页
  • 本馆介绍
  • 公告通知
  • 最新文献
  • 馆藏检索
  • 电子资源
  • 读者导购
  • 参考咨询
  • 我的图书馆
  • 登录
  • 详细信息显示
  • 放入我的书架
  • 预约/预借图书
  • 作者相关作品
  • 分类相关作品
  • 丛书相关作品
  • 出版社相关作品

书目信息

  • 表格格式
  • 工作单格式
  • 卡片格式
题名:
男性病饮食养生法
    
 
作者: 马汴梁 主编 ;马宏伟 , 李南 编
分册:  
出版信息: 北京   科学技术文献出版社  2003
页数: 298页
开本: 20cm
丛书名:
单 册:
中图分类: R697
科图分类:
主题词: 男性生殖器疾病--食物疗法
电子资源:
ISBN: 7-5023-4151-X
000 00866nam0 2200265 450
001 060000025038
005 20051115095204.48
010    @a7-5023-4151-X@dCNY15.00
092    @aCN
100    @a20050331d2003 ekmy0chiy0120 ea
101 0  @achi
102    @aCN@b110000
105    @ay z 000yy
200 1  @a男性病饮食养生法@9nan xing bing yin shi yang sheng fa@f马汴梁主编@Fma bian liang zhu bian@g马宏伟,李南编
210    @a北京@c科学技术文献出版社@d2003
215    @a298页@d20cm
330    @a本书对阳痿、遗精、精子异常、更年期综合征等男性病的定义、引发原因、预防方法、中医理解、饮食原则等作了详尽介绍。
606 0  @a男性生殖器疾病@x食物疗法
690    @aR697@v4
701  0 @a马汴梁@Ama bian liang@4主编
702  0 @a马宏伟@Ama hong wei@4编
702  0 @a李南@Ali nan@4编
801  0 @aCN@bTSSF@c20051115
905    @a10447@dR697@e24
999    @aYYW@eDF
    
    男性病饮食养生法/马汴梁主编/马宏伟,李南编.-北京:科学技术文献出版社,2003
    298页;20cm
    
    
    ISBN 7-5023-4151-X:CNY15.00
    本书对阳痿、遗精、精子异常、更年期综合征等男性病的定义、引发原因、预防方法、中医理解、饮食原则等作了详尽介绍。
●
相关链接 在E读中查询图书 在五车中查询图书 在当当中查询图书 在豆瓣中查询图书


正题名:男性病饮食养生法     索取号:R697/24         预约/预借

序号 登录号 条形码 馆藏地/架位号 状态 备注
1 0367515   203675157   第二样本阅览室/ [索取号:R697/24] 在馆    
2 0367516   203675166   第三借阅区/ [索取号:R697/24] 在馆    
3 0367517   203675175   教育系资料室/ [索取号:R697/24] 在馆    
4 0367518   203675184   教育系资料室/ [索取号:R697/24] 在馆    
5 0367519   203675193   第三借阅区/ [索取号:R697/24] 在馆    
唐山师范学院图书馆 欢迎您!
大连网信软件有限公司© 版权所有